Every 76ers Player Ever that has Passed Away - Statistics

General Stats
  • This quiz has been taken 7 times
  • The average score is 7 of 93
Answer Stats
Date Age Player % Correct
10/12/1999 63 Wilt Chamberlain
100%
8/9/1996 34 Derek Smith
75%
12/10/2015 87 Dolph Schayes
75%
3/9/2004 52 Don Smith
75%
4/14/2018 81 Hal Greer
75%
2/26/2009 76 Johnny Kerr
75%
9/21/2014 64 Caldwell Jones
50%
12/13/2001 70 Larry Costello
50%
9/13/2015 60 Moses Malone
50%
9/9/2009 92 Al Cervi
25%
10/5/2006 78 George King
25%
6/19/2010 47 Manute Bol
25%
5/5/1998 70 Paul Seymour
25%
10/28/2019 87 Al Bianchi
0%
1/18/2002 78 Alex Hannum
0%
8/16/2006 78 Al Masino
0%
4/30/2012 92 Andrew Levane
0%
7/5/2011 47 Armen Gilliam
0%
8/27/2012 71 Art Heyman
0%
3/13/2006 77 Bato Govedarica
0%
4/24/2003 85 Belus Smawley
0%
1/6/2019 57 Ben Coleman
0%
4/5/2002 65 Ben Warley
0%
7/9/2022 65 Bernard Toone
0%
9/25/2015 76 Bill Bridges
0%
6/19/2018 87 Bill Kenville
0%
6/4/2019 97 Billy Gabor
0%
5/15/2015 80 Bob Hopkins
0%
12/18/2010 84 Bob Lavoy
0%
10/27/2020 93 Bob Lochmueller
0%
9/5/2019 75 Bob Rule
0%
2/15/2005 71 Bob Schafer
0%
3/25/2019 81 Cal Ramsey
0%
1/27/2017 50 Charles Shackleford
0%
3/1/2015 51 Christian Welp
0%
4/17/1979 40 Chuck Osborne
0%
7/26/2021 76 Cliff Anderson
0%
3/7/2022 68 Coniel Norman
0%
12/29/2013 77 Connie Dierking
0%
4/15/1989 64 Connie Simmons
0%
10/15/2018 73 Craig Raymond
0%
7/24/2014 68 Dale Schlueter
0%
6/30/2017 78 Darrall Imhoff
0%
8/27/2015 58 Darryl Dawkins
0%
12/5/2015 67 Dave Scholz
0%
7/9/2002 54 Dave Sorenson
0%
10/1/1969 37 Dick Farley
0%
3/16/2022 90 Dick Knostman
0%
6/17/1976 47 Don Lofgran
0%
1/27/2010 81 Don Savage
0%
2/26/2015 86 Earl Lloyd
0%
9/21/2012 79 Ed Conlin
0%
3/26/2009 81 Ed Earle
0%
3/20/1984 59 Ed Peterson
0%
10/17/2002 80 Fred Scolari
0%
10/7/2017 88 George Dempsey
0%
11/10/2008 85 George Ratkovicz
0%
7/29/2023 81 George Wilson
0%
8/12/2004 75 George Yardley
0%
4/13/2015 90 Gerald Calabrese
0%
9/11/2019 77 Jerry Greenspan
0%
11/2/2014 72 Jesse Branson
0%
3/21/2014 83 Jim Brasco
0%
10/3/2011 81 Jim Neal
0%
5/14/2020 87 Jim Tucker
0%
7/2/1998 68 Joe Graboski
0%
1/28/1998 63 Joe Holup
0%
10/10/2022 86 Joe Roberts
0%
1/7/2001 52 Ken Durrett
0%
8/20/2008 79 Larry Hennessy
0%
7/12/2018 77 Len Chappell
0%
6/10/1998 73 Leroy Chollet
0%
6/2/2012 72 LeRoy Ellis
0%
7/5/2019 60 Lewis Lloyd
0%
10/12/2022 80 Lucious Jackson
0%
1/25/2006 59 Luther Green
0%
11/19/2017 71 Luther Rackley
0%
4/27/2020 60 Mark McNamara
0%
8/15/1978 63 Mike Novak
0%
6/4/2013 54 Monti Davis
0%
11/2/1982 57 Noble Jorgensen
0%
5/31/2012 52 Orlando Woolridge
0%
11/9/2008 56 Perry Warbington
0%
11/13/2009 69 Porter Meriwether
0%
2/5/2007 79 Ray Corley
0%
2/13/2010 86 Red Rocha
0%
12/9/2005 61 Ron Rilipek
0%
8/6/2022 79 Steve Courtin
0%
4/5/1988 55 Swede Halbrook
0%
5/23/1980 25 Terry Furlow
0%
5/2/2017 74 Toby Kimball
0%
8/12/2022 90 Togo Palazzi
0%
1/11/2012 83 Wally Osterkorn
0%
No matching quizzes found
Score Distribution
Percent of People with Each Score
Percentile by Number Answered
Your Score History
You have not taken this quiz